000 00311nam a22001217a 4500
020 _a978-81259-1663-5
082 _a658.4013
100 _aMandal, S. K.
245 _aTotal Quality Management:
_bPrinciples and Practice
260 _aNew Delhi:
_bVIKAS,
_c2005
300 _axviii, 412p.: ill.; 22cm
942 _cBK
999 _c22168
_d22168